000 00354nam a2200157Ia 4500
008 200305s9999 xx 000 0 und d
020 _a978-81-269-1433-3
082 _a822.33
082 _bBRS
100 _aBRADLEY, A.C.
245 _aSHAKESPEAREAN TRAGEDY
260 _aNEW DELHI
_bATLANTIC
300 _a444
650 _aENGLISH
999 _c39227
_d39227
041 _aeng